[Event "20th Croatian Cup"]
[Site "Sibenik CRO"]
[Date "2011.05.19"]
[Round "2.54"]
[White "Tomasic,R"]
[Black "Loncar,R"]
[Result "0-1"]
[WhiteElo "2107"]
[BlackElo "2388"]

1.e4 e5 2.Nf3 Nc6 3.Bb5 a6 4.Ba4 Nf6 5.O-O b5 6.Bb3 Bb7 7.d3 Bc5 8.Nc3 O-O
9.Bg5 h6 10.Bh4 Be7 11.Bg3 d6 12.Nd5 Na5 13.Nxe7+ Qxe7 14.Nh4 Nxb3 15.axb3 Bc8
16.Nf5 Bxf5 17.exf5 Qd7 18.Qf3 Rfe8 19.Rfe1 c6 20.Bh4 Nd5 21.Re4 f6 22.Qg4 Rf8
23.Qh3 Nf4 24.Qg4 h5 25.Qd1 Qxf5 26.Bg3 d5 27.Re3 Ng6 28.f3 Qg5 29.Re2 h4
30.Be1 Nf4 31.Rd2 d4 32.Kh1 Nd5 33.Qe2 Ne3 34.Qf2 Nf5 35.Re2 Kf7 36.Re4 Rh8
37.Kg1 h3 38.g3 c5 39.f4 exf4 40.Rxf4 Ne3 41.b4 Rhe8 42.bxc5 Qxc5 43.c3 dxc3
44.Bxc3 Qc6 45.Rf3 Ng4 46.Qf1 Re6 47.Rf4 Ne3 48.Qxh3 Rh8 49.Rh4 Rxh4 50.gxh4 Qd5
51.Rc1 Qxd3 52.Bb4 Qg6+ 53.Qg3 Nd5 54.Ba5 Qe4 55.Rd1 Re5 56.Qh3 Nf4 57.Qb3+ Kg6
58.Qg3+ Rg5 59.hxg5 Ne2+ 60.Kf2 Nxg3 61.hxg3 Qa4 62.Rd6 Qxa5 63.gxf6 gxf6  0-1

[Event "XXX Zalakaros Open"]
[Site "Zalakaros HUN"]
[Date "2011.05.25"]
[Round "6"]
[White "Sax,G"]
[Black "Nagy,Ga1"]
[Result "1-0"]
[WhiteElo "2513"]
[BlackElo "2373"]

1.e4 e5 2.Nf3 Nc6 3.Bb5 a6 4.Ba4 Nf6 5.O-O b5 6.Bb3 Bb7 7.Re1 Bc5 8.c3 O-O
9.d4 Bb6 10.Be3 exd4 11.cxd4 Na5 12.Bg5 Nxb3 13.Qxb3 h6 14.Bh4 g5 15.Nxg5 Nxe4
16.Rxe4 Bxe4 17.Qg3 hxg5 18.Bxg5 Qe8 19.Bf6+ Bg6 20.Nc3 Bxd4 21.Nd5 Qe6 22.Ne7+ Qxe7
23.Bxe7 Rfe8 24.Qh4 Bxb2 25.Bf6 Bxf6 26.Qxf6 Re6 27.Qc3 Rae8 28.h4 d5 29.Rd1 c6
30.Rd4 Re1+ 31.Kh2 R1e4 32.Qxc6 Rxd4 33.Qxe8+ Kh7 34.Qd8 Rd2 35.h5  1-0

[Event "3rd Kahraman Olgac Memorial"]
[Site "Izmir TUR"]
[Date "2011.05.27"]
[Round "8.1.5"]
[White "Geller,J"]
[Black "Yildiz,B"]
[Result "1/2-1/2"]
[WhiteElo "2521"]
[BlackElo "2219"]

1.e4 e5 2.Nf3 Nc6 3.Bb5 a6 4.Ba4 Nf6 5.O-O b5 6.Bb3 Bb7 7.d3 Be7 8.Re1 O-O
9.a4 h6 10.Nbd2 Re8 11.Nf1 Bf8 12.Ne3 Na5 13.Ba2 c5 14.Bd2 b4 15.c3 d5 16.exd5 Nxd5
17.Nxd5 Bxd5 18.Nxe5 Bxa2 19.Rxa2 Qd5 20.c4 Qd6 21.Bf4 f6 22.Ng6 Rxe1+ 23.Qxe1 Qxd3
24.Qe6+ Kh7 25.Nxf8+ Rxf8 26.Ra1 Qxc4 27.Qf5+ Kg8 28.Rc1 Re8 29.g3 Qd4 30.Rxc5 Nc4
31.b3 Ne5 32.Rc8 Rxc8 33.Qxc8+ Kh7 34.Bxe5 fxe5 35.Qf5+ Kh8 36.Qe6 e4 37.Kg2 Qd3
38.Qf7 a5 39.h4 Kh7 40.h5 e3 41.fxe3 Qxe3 42.Qd5 Kh8 43.Kh3 Qc3 44.Kg4 Qe3
45.Qf3 Qe6+ 46.Kf4 Qf6+ 47.Ke4 Qc6+ 48.Ke3 Qc3+ 49.Kf4 Qf6+ 50.Kg4 Qg5+ 51.Kh3 Qe5
52.Qf7 Qe3 53.Qd5 Qc3 54.Kh4 Qe3 55.Kg4 Qe2+ 56.Kf4 Qf2+ 57.Qf3 Qd4+ 58.Kf5 Qf6+
59.Kg4 Qg5+ 60.Kh3 Qe5 61.g4 Qc3 62.Kg2 Qb2+ 63.Kg3 Qe5+ 64.Kf2 Qb2+ 65.Ke1 Qc1+
66.Qd1 Qe3+ 67.Kf1 Qf4+ 68.Kg2 Qe3 69.Qf3 Qd2+ 70.Kg3 Qd4 71.Qf8+ Kh7 72.Qf5+ Kh8
73.Qe6 Kh7 74.Kf3 Qd3+ 75.Kf4 Qd2+ 76.Ke5 Kh8 77.Qc4 Qe3+ 78.Kd5 Qb6 79.Qc8+ Kh7
80.Qe6 Qg1 81.Kc6 Qa7 82.Qe4+ Kh8 83.Kb5 Kg8 84.Qe8+ Kh7 85.Qc8 Qe3 86.Qc2+ Kh8
87.Qc8+ Kh7 88.Qc4 Qa7 89.Qe4+ Kh8 90.Qe6 Qc7 91.Ka6 Kh7 92.Qd5 Kh8 93.Kb5 Kh7
94.Qc4 Qa7 95.Qc8 Qe3 96.Qc2+ Kh8 97.Kxa5 Qc3 98.Qe4 Qxb3 99.Kb5 Qc3 100.Qc4 Qe5+
101.Kxb4 Qb2+ 102.Kc5 Qe5+ 103.Kc6 Qe8+ 104.Kd6 Qd8+ 105.Ke5 Qe7+ 106.Kf4 Qf6+
107.Ke4 Qe7+ 108.Kf3 Qf6+ 109.Qf4 Qc3+ 110.Kg2 Qc2+ 111.Kh3 Qd3+ 112.Kh4 Qd8+
113.Kg3 Qd3+ 114.Qf3 Qd6+ 115.Kh3 Qb4 116.Qa8+ Kh7 117.Qc6 Kh8 118.Qc8+ Kh7
119.Qf5+ Kh8 120.a5 Qc3+ 121.Kg2 Qd2+ 122.Kf3 Qc3+ 123.Ke2 Qb2+ 124.Kd3 Qb3+
125.Ke4 Qb4+ 126.Ke3  1/2-1/2

[Event "1st Forni Open"]
[Site "Forni di Sopra ITA"]
[Date "2011.06.15"]
[Round "5"]
[White "Meszaros,Mi"]
[Black "Makropoulou,M"]
[Result "1-0"]
[WhiteElo "2414"]
[BlackElo "2282"]

1.e4 e5 2.Nf3 Nc6 3.Bb5 a6 4.Ba4 Nf6 5.O-O b5 6.Bb3 Bb7 7.d3 Be7 8.a4 O-O
9.c3 b4 10.a5 Rb8 11.Re1 d5 12.Nbd2 bxc3 13.bxc3 d4 14.cxd4 Nxd4 15.Bc4 Nxf3+
16.Nxf3 Bc5 17.Ra2 Qd6 18.Bb2 Nd7 19.Nh4 Qf6 20.Nf5 Rfd8 21.Qf3 Kh8 22.Qg3 Qg6
23.Bxe5 Nxe5 24.Qxe5 Bd6 25.Nxd6 cxd6 26.Qe7 Re8 27.Qxf7 d5 28.Bxd5 Bxd5
29.Qxd5 Rb5 30.Qd7 h6 31.h3 Kh7 32.Re3 Ree5 33.Rg3 Qf6 34.Kh2 Rxa5 35.Rxa5 Rxa5
36.d4 Rg5 37.Rxg5 hxg5 38.Kg1 Qf4 39.Qc6 a5 40.g3 Qd2 41.e5 Qd1+ 42.Kg2 Qxd4
43.e6 Qe5 44.Qe8 Qe4+ 45.Kh2 Qg6 46.Qd7 Qf5 47.Qf7 Qg6 48.g4 a4 49.Qd7 Qc2
50.Kg3 Qe4 51.e7 Qf4+ 52.Kg2 Qe4+ 53.Kh2 Qe5+ 54.Kg2 Qe4+ 55.Kf1 Qb1+ 56.Ke2 Qe4+
57.Kd2 Qb4+ 58.Kd3 Qb1+ 59.Kc4 Qb3+ 60.Kc5 Qc3+ 61.Kb5 Qb3+ 62.Ka5 Qc3+ 63.Kb6 Qb4+
64.Ka6 Qc4+ 65.Kb7 Qb4+ 66.Kc8 Qc5+ 67.Qc7 Qb5 68.Qd7 Qa6+ 69.Kc7 Qa7+ 70.Kc6 Qa6+
71.Kc5 Qa5+ 72.Kc4 Qa6+ 73.Kb4 Qb6+ 74.Kxa4 Qa6+ 75.Kb4 Qb6+ 76.Kc4 Qa6+
77.Kd4 Qa1+ 78.Ke4 Qe1+ 79.Kd5 Qd1+ 80.Ke6 Qb3+ 81.Qd5 Qb6+ 82.Qd6 Qb3+ 83.Qd5 Qb6+
84.Kf7 Qf6+ 85.Ke8 Qg6+ 86.Kf8 Qf6+  1-0

[Event "TCh-CZE-SLO w Extraliga"]
[Site "Orlova CZE"]
[Date "2011.06.18"]
[Round "6"]
[White "Fuskova,M"]
[Black "Motycakova,M"]
[Result "0-1"]
[WhiteElo "1649"]
[BlackElo "2107"]

1.e4 e5 2.Nf3 Nc6 3.Bb5 a6 4.Ba4 Nf6 5.O-O b5 6.Bb3 Bb7 7.Re1 Bc5 8.c3 d6
9.d4 Bb6 10.a4 O-O 11.Bg5 h6 12.Bh4 Re8 13.Bc2 exd4 14.cxd4 Nb4 15.Nbd2 Nxc2
16.Qxc2 g5 17.Bg3 Nh5 18.Qd3 Qd7 19.a5 Ba7 20.Rad1 Re7 21.Re2 Rae8 22.Rde1 Nxg3
23.hxg3 c5 24.b3 Qc7 25.Ra1 cxd4 26.Nxd4 d5 27.exd5 Rxe2 28.Nxe2 Qe5 29.Re1 Bxd5
30.Nf3 b4  0-1

[Event "4th Sveins Minneturering"]
[Site "Oslo NOR"]
[Date "2011.06.24"]
[Round "4"]
[White "Westerinen,H"]
[Black "Mihajlov,S"]
[Result "1-0"]
[WhiteElo "2350"]
[BlackElo "2084"]

1.e4 e5 2.Nf3 Nc6 3.Bb5 a6 4.Ba4 Nf6 5.O-O b5 6.Bb3 Bb7 7.d3 Bc5 8.Be3 Bxe3
9.fxe3 O-O 10.Nc3 d6 11.a3 Ne7 12.Qe1 Ng6 13.Qg3 c6 14.h3 Qe7 15.Nh4 Nxh4
16.Qxh4 Nd5 17.Qe1 Nxc3 18.Qxc3 d5 19.Rf5 Rae8 20.Raf1 Bc8 21.R5f2 Qd6 22.exd5 cxd5
23.d4 f6 24.Qb4 Qxb4 25.axb4 Bb7 26.c3 e4 27.Rf5 Rd8 28.g4 h6 29.h4 Kh7 30.g5 hxg5
31.hxg5 Kg6 32.Kg2 Rd6 33.Kg3 Rh8 34.gxf6 gxf6 35.R5f4 Bc8 36.Rh4 Rxh4 37.Kxh4 Rd8
38.Kg3 Be6 39.Rh1 Rg8 40.Kf2 Rd8 41.Bd1 Kg7 42.Rg1+ Kh6 43.Rg3 Rg8 44.Rxg8 Bxg8
45.Bg4 Kg5 46.Bc8 Bf7 47.Bxa6 Be8 48.Bb7 Kg4 49.Bxd5 f5  1-0

[Event "4th Sveins Memorial"]
[Site "Oslo NOR"]
[Date "2011.06.24"]
[Round "7"]
[White "Omtvedt,P"]
[Black "Rodvik,Trym Daniel"]
[Result "1/2-1/2"]
[WhiteElo "2088"]
[BlackElo "1843"]

1.e4 e5 2.Nf3 Nc6 3.Bb5 a6 4.Ba4 Nf6 5.O-O b5 6.Bb3 Bb7 7.Re1 Bc5 8.c3 d6
9.d4 Bb6 10.h3 O-O 11.a4 Re8 12.d5 Ne7 13.axb5 axb5 14.Rxa8 Qxa8 15.Na3 Qa7
16.Be3 Bxe3 17.Rxe3 Qb6 18.Nc2 c6 19.dxc6 Qxc6 20.Nb4 Qb6 21.Qd3  1/2-1/2

[Event "35th ch-Gleisdorf"]
[Site "Gleisdorf AUT"]
[Date "2011.06.25"]
[Round "4"]
[White "Poetz,F"]
[Black "Huber,Mart AUT"]
[Result "1-0"]
[WhiteElo "2416"]
[BlackElo "2071"]

1.e4 e5 2.Nf3 Nc6 3.Bb5 a6 4.Ba4 Nf6 5.O-O b5 6.Bb3 Bb7 7.d3 Bc5 8.Nc3 d6
9.a4 b4 10.Nd5 h6 11.a5 O-O 12.c3 bxc3 13.bxc3 Nd7 14.Nd2 Ne7 15.Ne3 Ba7
16.Ndc4 Nc5 17.Ba2 Ne6 18.Ba3 Qd7 19.Qg4 Bc6 20.Rfd1 Kh8 21.Rab1 Rab8 22.h3 Bc5
23.Nxe5 dxe5 24.Bxe6 fxe6 25.Rxb8 Rxb8 26.Bxc5 Ba4 27.Ra1 Bb5 28.c4 Bc6 29.Qh5 Rb3
30.Ng4 Ng8 31.Nxe5 Qe8 32.Ng6+ Kh7 33.Nf8+ Kh8 34.Qxe8 Bxe8 35.Nxe6  1-0

[Event "ch-Commonwealth RSA-Open"]
[Site "Ekurhuleni RSA"]
[Date "2011.06.27"]
[Round "4"]
[White "Kobese,W"]
[Black "Willenberg,C"]
[Result "1-0"]
[WhiteElo "2355"]
[BlackElo "2072"]

1.e4 e5 2.Nf3 Nc6 3.Bb5 a6 4.Ba4 Nf6 5.O-O b5 6.Bb3 Bb7 7.d3 Bc5 8.Nc3 d6
9.a4 b4 10.Ne2 Qd7 11.a5 d5 12.Ba4 dxe4 13.Nxe5 Qe6 14.d4 O-O-O 15.Bb3 Qf5
16.Ng3 Qxe5 17.dxe5 Rxd1 18.Rxd1 Ng4 19.Nxe4 Bd4 20.Bxf7 Ngxe5 21.c3 Ba7
22.Bf4 Rf8 23.Bg3 h5 24.Bd5 Ng6 25.h4 Nf4 26.Bxf4 Rxf4 27.g3 Rf5 28.cxb4 Nxb4
29.Bxb7+ Kxb7 30.Rd7 Re5 31.Rc1 Nd5 32.Nd6+ Ka8 33.Rd8+ Bb8 34.Nc4 Rf5 35.Re1 Kb7
36.Re5  1-0

[Event "ch-Commonwealth RSA-Open"]
[Site "Ekurhuleni RSA"]
[Date "2011.06.29"]
[Round "7"]
[White "Jansen Van Rensburg,Monica"]
[Black "De Waal,I"]
[Result "1-0"]
[WhiteElo "1699"]
[BlackElo "1889"]

1.e4 e5 2.Nf3 Nc6 3.Bb5 a6 4.Ba4 Nf6 5.O-O b5 6.Bb3 Bb7 7.Re1 Bc5 8.h3 d6
9.c3 O-O 10.d3 Ne7 11.Nbd2 Ng6 12.Nf1 d5 13.exd5 Nxd5 14.d4 exd4 15.Nxd4 Qf6
16.Qf3 Qxf3 17.Nxf3 Ndf4 18.Bxf4 Nxf4 19.N1h2 Nd3 20.Re2 Rfe8 21.Rd2 Ne5
22.Bd5 c6 23.Bb3 Nc4 24.Bxc4 bxc4 25.Ng4 f6 26.Nd4 Rad8 27.Ne3 Re4 28.Rad1 Ba7
29.Nxc4 Bb8 30.f3 Re7 31.Nxc6  1-0

[Event "TCh-TUR 2011"]
[Site "Konya TUR"]
[Date "2011.06.29"]
[Round "2"]
[White "Ozturk,H"]
[Black "Sasmazel,B"]
[Result "1-0"]
[WhiteElo "1765"]
[BlackElo "1911"]

1.e4 e5 2.Nf3 Nc6 3.Bb5 a6 4.Ba4 Nf6 5.O-O b5 6.Bb3 Bb7 7.c3 Be7 8.Re1 O-O
9.d4 d6 10.Nbd2 h6 11.Nf1 exd4 12.cxd4 d5 13.e5 Ne4 14.Ne3 Bb4 15.Re2 Ne7
16.Bc2 c6 17.a3 Ba5 18.Nf1 f5 19.Ne1 Bb6 20.f3 Ng5 21.Be3 Ne6 22.b4 f4 23.Bf2 Nf5
24.Bxf5 Rxf5 25.Qd3 Qf8 26.Nd2 a5 27.Nb3 axb4 28.axb4 Rxa1 29.Nxa1 g6 30.Qc3 Qa8
31.Nb3 Rf8 32.Nd3 Qa3 33.Rc2 Ra8 34.Rc1 Qa7 35.Ra1 Qb8 36.Rxa8 Qxa8 37.Ndc5 Bxc5
38.Nxc5 Bc8 39.Qc1 Qa2 40.Nxe6 Bxe6 41.h3 Qc4 42.Qxf4 Qxb4 43.Qc1 Bd7 44.Qxh6 Qb1+
45.Kh2 Qf5 46.Bh4 Qh5 47.Be1 Kf7 48.g4  1-0

[Event "TCh-TUR 2011"]
[Site "Konya TUR"]
[Date "2011.07.01"]
[Round "4"]
[White "Nikolova,A"]
[Black "Ozturk,Ku"]
[Result "*"]
[WhiteElo "2333"]
[BlackElo "2262"]

1.e4 e5 2.Nf3 Nc6 3.Bb5 a6 4.Ba4 Nf6 5.O-O b5 6.Bb3 Bb7 7.c3 Nxe4 8.d4 exd4
9.Re1 d5 10.Ng5 Qd7 11.f3 h6 12.Nxf7 Qxf7 13.fxe4 O-O-O 14.cxd4 Na5 15.e5 c5
16.Bc2 cxd4 17.Qg4+ Kb8 18.e6 Qc7 19.Bf4 Bd6 20.Bxd6 Rxd6 21.Bf5 Nc6 22.a4 b4
23.Nd2 h5 24.Qh3 Ne7 25.Bd3 g5 26.Nb3 g4 27.Qh4 Rdd8 28.Rac1 Qd6 29.Rc2 Rdf8
30.Rf2 Bc8 31.Rxf8 Rxf8 32.Qxh5 Qf4 33.Qe5+ Qxe5 34.Rxe5 Kc7 35.Nxd4 Rf4
36.Nf5 Kd8 37.Nxe7 Kxe7 38.Rxd5 Bxe6 39.Re5 Kf6 40.Re2 a5 41.Bb5 Bf5 42.Re3 Kg5
43.Re5 Kf6 44.Rd5 Be6 45.Rd2 Ke5 46.Bd7 Bc4 47.g3 Rf1+ 48.Kg2 Ke4 49.Be6 Rc1
50.Bxg4 b3 51.Bd1 Ke3 52.Rd8 Rc2+ 53.Kh3 Rxb2 54.Re8+ Kd4 55.Ra8 Bf1+ 56.Kg4 Be2+
57.Bxe2 Rxe2 58.Rxa5 Rxh2 59.Rb5 Kc4 60.Rb8 Ra2 61.Rc8+ Kd3 62.Rd8+ Kc3 63.Rc8+ Kb4
64.Rb8+ Kxa4 65.Kf5 Rc2 66.Ra8+ Kb4 67.Rb8+ Kc4  *

[Event "TCh-TUR 2011"]
[Site "Konya TUR"]
[Date "2011.07.05"]
[Round "9"]
[White "Menzi,N"]
[Black "Patel,Y"]
[Result "1-0"]
[WhiteElo "1868"]
[BlackElo "1804"]

1.e4 e5 2.Nf3 Nc6 3.Bb5 a6 4.Ba4 Nf6 5.O-O b5 6.Bb3 Bb7 7.Re1 Bc5 8.c3 d6
9.d4 Bb6 10.Be3 O-O 11.Nbd2 h6 12.h3 exd4 13.cxd4 Nb4 14.Qb1 c5 15.a3 Nc6
16.e5 cxd4 17.Bxh6 Nxe5 18.Rxe5 dxe5 19.Qg6 Nh5 20.Ng5 Re8 21.Bxf7+  1-0

[Event "TCh-TUR 2nd League 2011"]
[Site "Konya TUR"]
[Date "2011.07.06"]
[Round "4"]
[White "Yapici,A"]
[Black "Lenic,L"]
[Result "0-1"]
[WhiteElo "2090"]
[BlackElo "2634"]

1.e4 e5 2.Nf3 Nc6 3.Bb5 a6 4.Ba4 Nf6 5.O-O b5 6.Bb3 Bb7 7.c3 Nxe4 8.Re1 Nc5
9.Nxe5 Nxe5 10.Rxe5+ Ne6 11.d4 Bd6 12.Re1 O-O 13.Nd2 Qh4 14.Nf1 Rae8 15.Bc2 Ng5
16.Bxg5 Qxg5 17.Ng3 g6 18.Qd3 Bxg3 19.hxg3 Qd5 20.f3 Rxe1+ 21.Rxe1 Qxa2 22.b4 Bd5
23.Bb1 Qa3 24.Qe3 a5 25.bxa5 Qxa5 26.Kh2 b4 27.cxb4 Qxb4 28.Rc1 c6 29.g4 Qb8+
30.Qe5 Qb2 31.Rf1 Bxf3 32.Rxf3 Qxb1 33.Qe7 Qb8+ 34.Kh3 Qe8 35.Qd6 Qe6 36.Rf6 Qxd6
37.Rxd6 Rd8 38.g5 Kf8 39.Kg4 Ke7 40.Rf6 h5+ 41.Kf3 Rb8 42.Ke4 Rb5  0-1

[Event "TCh-TUR 2011"]
[Site "Konya TUR"]
[Date "2011.07.08"]
[Round "12"]
[White "Menzi,N"]
[Black "Sasmazel,B"]
[Result "1-0"]
[WhiteElo "1868"]
[BlackElo "1911"]

1.e4 e5 2.Nf3 Nc6 3.Bb5 a6 4.Ba4 Nf6 5.O-O b5 6.Bb3 Bb7 7.Re1 Bc5 8.c3 d6
9.d4 Bb6 10.Be3 O-O 11.Nbd2 h6 12.h3 Nd7 13.a4 Ne7 14.dxe5 Bxe3 15.exd6 Bxf2+
16.Kxf2 cxd6 17.Kg1 Ne5 18.Qe2 N7g6 19.axb5 Nf4 20.Qe3 Nfd3 21.Nxe5 dxe5
22.Rf1 axb5 23.Rxa8 Bxa8 24.Nf3 Nxb2 25.Nxe5 Nc4 26.Nxc4 bxc4 27.Bxc4 Qe7
28.Re1 Qe5 29.Qd4 Qxd4+ 30.cxd4 Rc8 31.Bd3 Rc3 32.Bb1 Kf8 33.Kf2 Bb7 34.Re3 Rc1
35.Bd3 Ke7 36.Kg3 Kf6 37.Kf4 g6 38.Be2 Re1 39.Kg3 Ke7 40.Kf2 Rb1 41.Bf3 Rb2+
42.Kg3 Rd2 43.d5 f6 44.Rb3 Bc8 45.Rc3 Bd7 46.Rc7 Kd6 47.Ra7 h5 48.Ra6+ Ke5
49.Ra7 Kd6 50.Kf4 g5+ 51.Ke3 Rb2 52.Ra3 h4 53.Rd3 Bb5 54.Rd2 Rb3+ 55.Kf2 Bd3
56.Ke3 Bb1+ 57.Kd4 Rb4+ 58.Kc3 Rb6 59.Rb2 Rxb2 60.Kxb2 Bd3 61.Kc3 Bf1 62.Kd4 Bb5
63.Ke3 Bf1 64.Kf2 Bd3 65.Ke3 Bf1 66.Kd4 Bb5 67.Kc3 Kc5 68.Kd2 Kd6 69.Ke3 Ke5
70.Be2 Be8 71.Bg4 Bg6 72.Bf3 f5 73.exf5 Bxf5 74.Kd2 Kd4 75.Ke2 Bd3+ 76.Kf2 Bf5
77.Kg1 Ke5 78.Kh2 Kf4 79.Bh5 Ke5 80.Bf3 Kf4 81.Kg1 Ke5 82.Kf2 Kd4 83.Ke2 Bd7
84.Kd2 Bf5 85.Kc1 Ke5 86.Kb2 Kd4 87.Kb3 Bc8 88.Kb4 Bd7 89.d6 Ke5 90.Kc5 Kf6
91.Bg4 Ba4 92.Kb6 Kf7 93.Kc7  1-0

[Event "Lev Polugaevsky Mem"]
[Site "Samara RUS"]
[Date "2011.07.11"]
[Round "7"]
[White "Geller,J"]
[Black "Iljushin,A"]
[Result "1-0"]
[WhiteElo "2535"]
[BlackElo "2528"]

1.e4 e5 2.Nf3 Nc6 3.Bb5 a6 4.Ba4 Nf6 5.O-O b5 6.Bb3 Bb7 7.d3 Be7 8.Nc3 O-O
9.Nd5 Na5 10.Nxe7+ Qxe7 11.Bg5 Nxb3 12.axb3 h6 13.Bxf6 Qxf6 14.Re1 Rae8 15.Qd2 g5
16.Qc3 Qd6 17.g4 c5 18.h3 Re6 19.Re3 Rfe8 20.Qe1 Rf6 21.Nd2 h5 22.Nf1 Qe6
23.gxh5 d5 24.Rg3 Kh7 25.f3 d4 26.Qd2 Rg8 27.Rxg5 Rxg5+ 28.Qxg5 Rxf3 29.Nh2 Qf6
30.Nxf3  1-0

[Event "FSFMB July"]
[Site "Budapest HUN"]
[Date "2011.07.12"]
[Round "10.3"]
[White "Alfier,Cecilia"]
[Black "Balla,A"]
[Result "0-1"]
[WhiteElo "1654"]
[BlackElo "1722"]

1.e4 e5 2.Nf3 Nc6 3.Bb5 a6 4.Ba4 Nf6 5.O-O b5 6.Bb3 Bb7 7.c3 Bc5 8.d4 Bb6
9.Bc2 d6 10.Bg5 h6 11.Bh4 g5 12.Bg3 O-O 13.Qd3 Nh5 14.Nbd2 Qf6 15.Qe3 Nxg3
16.hxg3 exd4 17.Qd3 dxc3 18.e5 Qg7 19.Ne4 cxb2 20.Rab1 Nb4 21.Nf6+ Kh8 22.Qh7+ Qxh7
23.Bxh7 Bxf3 24.gxf3 Bd4 25.Be4 Nxa2 26.Kg2 Bxe5 27.Rh1 Bxf6 28.Rxh6+ Kg7
29.Rh7+ Kg8 30.Rbh1 Nc3  0-1

[Event "Najdorf Memorial"]
[Site "Warsaw POL"]
[Date "2011.07.15"]
[Round "3"]
[White "Macieja,B"]
[Black "Warakomski,T"]
[Result "1/2-1/2"]
[WhiteElo "2612"]
[BlackElo "2473"]

1.e4 e5 2.Nf3 Nc6 3.Bb5 a6 4.Ba4 Nf6 5.O-O b5 6.Bb3 Bb7 7.c3 Na5 8.Nxe5 Nxb3
9.Qxb3 d5 10.Re1 Bd6 11.exd5 O-O 12.d4 Bxd5 13.Qd1 c5 14.Bg5 Re8 15.Nd2 cxd4
16.cxd4 Qc8 17.Bxf6 gxf6 18.Rc1 Qf5 19.Qg4+ Qg5 20.Ne4 Bxe4 21.Rxe4 Bxe5
22.dxe5 Rxe5 23.Rc8+ Kg7 24.h4 Rxc8 25.Qxc8 Rc5 26.Qb8 Qf5 27.Re8 Kh6 28.Qd6 Rc1+
29.Kh2 Qxf2 30.Qf8+ Kg6 31.Qg8+ Kh6 32.Qf8+ Kg6 33.Qg8+ Kh6 34.Qf8+  1/2-1/2

[Event "Najdorf Memorial"]
[Site "Warsaw POL"]
[Date "2011.07.17"]
[Round "5"]
[White "Duda,J"]
[Black "Warakomski,T"]
[Result "0-1"]
[WhiteElo "2274"]
[BlackElo "2473"]

1.e4 e5 2.Nf3 Nc6 3.Bb5 a6 4.Ba4 Nf6 5.O-O b5 6.Bb3 Bb7 7.d3 Be7 8.Nc3 d6
9.a4 Na5 10.Ba2 b4 11.Ne2 O-O 12.Bd2 d5 13.exd5 Bxd5 14.Bxd5 Qxd5 15.Ng3 Nc6
16.b3 Nd7 17.Qe2 f5 18.Rfe1 Rae8 19.Rad1 Nc5 20.Bc1 Ne6 21.Nf1 g5 22.Ne3 Qc5
23.d4 Nexd4 24.Nxd4 exd4 25.Qc4+ Qxc4 26.Nxc4 Bf6 27.Kf1 Kf7 28.h3 Rxe1+
29.Kxe1 Rd8 30.Ke2 Rd5 31.Kd3 Rc5 32.Bd2 a5 33.Re1 Nd8 34.Re2 Ne6 35.Re1 Rd5
36.Nb2 Nc5+ 37.Ke2 Ne4 38.Rf1 Rc5 39.Nc4 h5 40.Kd3 Rd5 41.Nb2 Nc5+ 42.Ke2 Ke7
43.Nd3 Ne4 44.Re1 Kd7 45.f3 Ng3+ 46.Kd1 h4 47.Bc1 f4 48.Nf2 Nf5 49.Ke2 Rc5
50.Kd1 Ne3+ 51.Bxe3 dxe3 52.Ne4 Rd5+ 53.Ke2 Ke6 54.Rb1 c6 55.Rc1 Kf5 56.Rb1 Be7
57.Rc1 Bf6 58.Rb1 Rd4 59.Rc1 Rxe4 60.fxe4+ Kxe4 61.Rf1 c5 62.Rh1 Bc3 63.Rf1 Bd2
64.Rh1 Kd4 65.Kd1 Kc3 66.Rf1 c4 67.bxc4 Kxc4 68.Ke2 Kc3 69.Kd1 b3 70.cxb3 Kd3
71.Rf3 Bb4 72.Kc1 Ke2 73.Kc2 Be1 74.Kb2 Bf2 75.b4 Kf1 76.b5 e2 77.b6 e1=Q
78.b7 Qb4+ 79.Rb3 Bd4+ 80.Ka2 Qxa4+  0-1

[Event "TCh-Euro Open Girls"]
[Site "Iasi ROU"]
[Date "2011.07.20"]
[Round "6.3"]
[White "Vidic,Teja"]
[Black "Vasilescu,M"]
[Result "1-0"]
[WhiteElo "1797"]
[BlackElo "1822"]

1.e4 e5 2.Nf3 Nc6 3.Bb5 a6 4.Ba4 Nf6 5.O-O b5 6.Bb3 Bb7 7.d3 Bc5 8.a4 b4
9.c3 d6 10.Nbd2 O-O 11.h3 h6 12.Re1 Re8 13.Nc4 bxc3 14.bxc3 Ne7 15.Na5 Bc8
16.d4 exd4 17.cxd4 Bb4 18.Bd2 Bxd2 19.Qxd2 Ng6 20.Qc2 Rxe4 21.Rxe4 Bf5 22.Re8+ Qxe8
23.Qxf5 Rb8 24.Re1 Qd7 25.Qxd7 Nxd7 26.Rb1 Nb6 27.Nc6 Re8 28.a5 Nd7 29.Bc4  1-0

[Event "Czech GM Open A"]
[Site "Pardubice CZE"]
[Date "2011.07.24"]
[Round "3.67"]
[White "Swan,I"]
[Black "Zvara,P"]
[Result "0-1"]
[WhiteElo "2248"]
[BlackElo "2409"]

1.e4 e5 2.Nf3 Nc6 3.Bb5 a6 4.Ba4 Nf6 5.O-O b5 6.Bb3 Bb7 7.Re1 Bc5 8.c3 d6
9.d4 Bb6 10.Be3 O-O 11.Nbd2 Re8 12.Qb1 h6 13.h3 Rc8 14.a4 exd4 15.cxd4 Nb4
16.d5 c5 17.dxc6 Bxc6 18.Bd4 Bd7 19.Bc3 Bc5 20.e5 dxe5 21.Rxe5 Rxe5 22.Nxe5 Nbd5
23.Nxd7 Qxd7 24.Bxf6 Nxf6 25.Ne4 Qd4 26.Nxc5 Rxc5 27.axb5 Ne4 28.Rxa6 Qxf2+
29.Kh1 Qf4 30.Ra8+ Kh7 31.Bc2 g6 32.Ra4 Nf2+ 33.Kg1 Nxh3+ 34.Kh1 Nf2+ 35.Kg1 Qe3
36.Bxg6+ Kg7  0-1

[Event "5th AD San Juan Open"]
[Site "Pamplona ESP"]
[Date "2011.07.26"]
[Round "2"]
[White "Delchev,A"]
[Black "Hansen,TR"]
[Result "1-0"]
[WhiteElo "2622"]
[BlackElo "2468"]

1.e4 e5 2.Nf3 Nc6 3.Bb5 a6 4.Ba4 Nf6 5.O-O b5 6.Bb3 Bb7 7.d3 Be7 8.Re1 O-O
9.Nbd2 Re8 10.Nf1 Bf8 11.c3 h6 12.Ng3 Na5 13.Bc2 c5 14.d4 cxd4 15.cxd4 d5
16.Nxe5 dxe4 17.Bf4 Nc4 18.Nxc4 bxc4 19.Be5 Bd6 20.Bxf6 Qxf6 21.Nxe4 Bxe4
22.Bxe4 Bxh2+ 23.Kf1 Rab8 24.Qf3 Qxf3 25.Bxf3 Rxe1+ 26.Rxe1 Bf4 27.Bd5 Kf8
28.Re2 Bc1 29.Bxc4 Bxb2 30.d5 a5 31.d6 Bf6 32.Bb3 Rd8 33.Ba4 Rb8 34.g3 g5
35.d7 Rb4 36.Re8+ Kg7 37.Bc6 Rc4 38.Bd5  1-0

[Event "Czech GM Open A"]
[Site "Pardubice CZE"]
[Date "2011.07.26"]
[Round "5.50"]
[White "Boruchovsky,A"]
[Black "Potapov,Alexa1"]
[Result "1/2-1/2"]
[WhiteElo "2297"]
[BlackElo "2418"]

1.e4 e5 2.Nf3 Nc6 3.Bb5 a6 4.Ba4 Nf6 5.O-O b5 6.Bb3 Bb7 7.c3 Nxe4 8.d4 Na5
9.Bc2 exd4 10.Bxe4 Bxe4 11.Re1 d5 12.b4 Nc4 13.Nxd4 c5 14.bxc5 Bxc5 15.f3 O-O
16.fxe4 dxe4 17.Rxe4 Qd5 18.Qf3 Rad8 19.Kf1 b4 20.a4 Na5 21.Bf4 Nb3 22.Nxb3 Qxb3
23.Nd2 Qb2 24.Ree1 Rxd2 25.Bxd2 Qxd2 26.cxb4 Qxb4 27.Rac1 Qd4 28.Rxc5 Qxc5
29.Qd3 a5 30.Qb5 Qc3 31.h3 g6 32.Re8 Rxe8 33.Qxe8+ Kg7 34.Kg1 h5 35.Qe4 Qc5+
36.Kh1 g5 37.Qe1 h4 38.Qa1+ f6 39.Qd1 Qc6 40.Qb3 Qe4 41.Qd1 Kg6 42.Qb3 Qe5
43.Qd3+ Kh5 44.Qd8 Kg6 45.Qd3+ f5 46.Qc4 Kh6 47.Qg8 Qe1+ 48.Kh2 Qe5+ 49.Kh1 Qf6
50.Qc4 Qa1+ 51.Kh2 Qe5+ 52.Kh1 Kg7 53.Qc6 Kf7 54.Qc4+ Ke7 55.Qc1 f4 56.Qc6 Qe1+
57.Kh2 Qe5 58.Kh1 Qe1+ 59.Kh2 f3 60.Qb7+ Kd6 61.Qxf3 Qe5+ 62.Kh1 Qa1+ 63.Kh2 Qe5+
64.Kh1 Qa1+ 65.Kh2 Qxa4 66.Qf6+ Kc7 67.Qe7+ Kb6 68.Qd8+ Kb7 69.Qe7+ Kc8 70.Qf8+ Kd7
71.Qf7+ Kd8 72.Qf6+ Kc8 73.Qf8+ Kc7 74.Qe7+ Kb6 75.Qd8+ Ka6 76.Qf6+ Kb7 77.Qe7+  1/2-1/2

[Event "Open NK"]
[Site "Dieren NED"]
[Date "2011.07.28"]
[Round "9"]
[White "Fier,A"]
[Black "Georgiev,Vl"]
[Result "0-1"]
[WhiteElo "2566"]
[BlackElo "2559"]

1.e4 e5 2.Nf3 Nc6 3.Bb5 a6 4.Ba4 Nf6 5.O-O b5 6.Bb3 Bb7 7.Re1 Bc5 8.c3 O-O
9.d4 Bb6 10.Be3 d6 11.Nbd2 h6 12.h3 Re8 13.d5 Ne7 14.Bxb6 cxb6 15.Bc2 Ng6
16.Bd3 Nd7 17.Bf1 Rc8 18.a4 bxa4 19.Qxa4 b5 20.Qa3 Nb6 21.Nb3 f5 22.Na5 Ba8
23.exf5 Nf4 24.Nd2 Bxd5 25.Ne4 Bxe4 26.Rxe4 Qd7 27.Re3 Rf8 28.g3 Nfd5 29.Re2 Qxf5
30.Qxd6 e4 31.Bg2 Rcd8 32.Qa3 e3 33.f4 Qg6 34.Kh2 h5 35.h4 Qg4 36.Rae1 Nxf4
37.gxf4 Rd2 38.Qb3+ Kh8 39.Nc6 Nc4 40.Nd4 Qxf4+  0-1

[Event "Czech GM Open A"]
[Site "Pardubice CZE"]
[Date "2011.07.28"]
[Round "7.66"]
[White "Racz,Z"]
[Black "Zvara,P"]
[Result "1/2-1/2"]
[WhiteElo "2271"]
[BlackElo "2409"]

1.e4 e5 2.Nf3 Nc6 3.Bb5 a6 4.Ba4 Nf6 5.O-O b5 6.Bb3 Bb7 7.d3 Bc5 8.Be3 Bxe3
9.fxe3 d6 10.Qe1 O-O 11.a3 Ne7 12.Nc3 Ng6 13.Qg3 c5 14.Ng5 Rc8 15.Bd5 Bxd5
16.Nxd5 Nxd5 17.exd5 c4 18.Rf2 cxd3 19.cxd3 Rc5 20.Raf1 Rxd5 21.Rxf7 Rxf7
22.Nxf7 Qd7 23.Qf3 Rc5 24.Nxd6 h6 25.Ne4 Rc2 26.Qh5 Qe8 27.Qd1 Qc6 28.Qg4 Kh7
29.h4 Qb6 30.Kh2 Qxe3 31.Rf3 Qb6 32.Nf6+ gxf6 33.Qd7+ Kh8 34.Qe8+ Kg7 35.Rg3 f5
36.h5 Rc6 37.Qe7+ Kg8 38.Qe8+ Kg7 39.Qe7+ Kg8 40.Qe8+  1/2-1/2

[Event "Czech GM Open A"]
[Site "Pardubice CZE"]
[Date "2011.07.28"]
[Round "7.65"]
[White "Havlikova,K"]
[Black "Potapov,Alexa1"]
[Result "1-0"]
[WhiteElo "2280"]
[BlackElo "2418"]

1.e4 e5 2.Nf3 Nc6 3.Bb5 a6 4.Ba4 Nf6 5.O-O b5 6.Bb3 Bb7 7.d3 Bd6 8.c3 O-O
9.Nbd2 h6 10.Re1 Re8 11.Nf1 Bf8 12.Ne3 Na5 13.Bc2 c5 14.h3 d5 15.exd5 Nxd5
16.Ng4 f6 17.d4 e4 18.Nh4 h5 19.Nh6+ gxh6 20.Qxh5 Qd7 21.Nf5 Qf7 22.Qg4+ Kh8
23.Qh4 Qh7 24.Rxe4 Qxf5 25.Rxe8 Qxc2 26.Qxh6+ Qh7 27.Rxf8+ Rxf8 28.Qxf8+ Qg8
29.Qxg8+ Kxg8 30.dxc5 Nc4 31.b3 Ne5 32.Bd2 Ng6 33.a4 Nc7 34.axb5 Nxb5 35.c6 Bc8
36.Re1 Kf7 37.Re4 Ne7 38.c4 Nd6 39.Rd4 Ne8 40.Rd8 Bf5 41.Ra8 Nxc6 42.Rxa6 Nd4
43.b4 Ke7 44.Ra7+ Ke6 45.c5 Bd3 46.f3 Kd5 47.Re7 Bb5 48.Kf2 Nf5 49.Ra7 Kc6
50.g4 Nd4 51.Re7 Kd5 52.h4 Bc6 53.h5  1-0

[Event "9th ch-EU Youth U14"]
[Site "Mureck AUT"]
[Date "2011.08.06"]
[Round "4"]
[White "Toews,M"]
[Black "Zuest,L"]
[Result "1-0"]
[WhiteElo "1956"]
[BlackElo "1815"]

1.e4 e5 2.Nf3 Nc6 3.Bb5 a6 4.Ba4 Nf6 5.O-O b5 6.Bb3 Bb7 7.c3 Bc5 8.a4 d6
9.d4 Bb6 10.Re1 O-O 11.Na3 Ne7 12.axb5 axb5 13.dxe5 Nxe4 14.Be3 Bxe3 15.Rxe3 Nf5
16.Re1 dxe5 17.Qxd8 Raxd8 18.Nxb5 Nc5 19.Bc2 e4 20.Nfd4 Nxd4 21.Nxd4 Nd3
22.Bxd3 exd3 23.b4 Rfe8 24.f3 Bd5 25.Kf2 f6 26.Rad1 Bc4 27.Nc6 Ra8 28.Rxe8+ Rxe8
29.Rd2 Bb5 30.Na5 Rd8 31.c4 Be8 32.Ke3 Bg6 33.Nc6 Re8+ 34.Kd4 Kf7 35.b5 Re2
36.Kc3 Re1 37.Nb4 Ke6 38.Nxd3 Bxd3 39.Kxd3 Ke5 40.g3 g5 41.Kc3 Ke6 42.Kd4 Rf1
43.Rd3 Rf2 44.Kc5 Rxh2 45.Kc6 Rc2 46.Rd4 f5 47.Kxc7 Ke5 48.Rd5+ Ke6 49.Rc5 Rd2
50.b6 Rd7+ 51.Kc8  1-0